Serbian 2000s Music Quiz: Name the Artist - Statistics

General Stats
  • This quiz has been taken 54 times
  • The average score is 12 of 30
Answer Stats
Song Release Date Artist % Correct
Crno i zlatno 2003 Seka Aleksić
86%
Nikotin 2004 Nataša Bekvalac
74%
Pao sam na dno 2008 Aca Lukas
67%
Tako mlada 2005 Tanja Savić
67%
Ludi letnji ples 2006 Flamingosi & Louis
60%
Zmaj 2003 Indira Radić
57%
Samo ovu noć 2007 Saša Matić
55%
Lepa do bola 2005 Sinan Sakić
55%
Samo pijan mogu da prebolim 2001 Bane Bojanić
50%
Nepopravljivo 2009 Milan Stanković
50%
Zapisano je u vremenu 2007 Nedeljko Bajić Baja
50%
Buđav lebac 2009 S.A.R.S.
50%
Idi drugome 2009 Darko Lazić
48%
Kruška 2009 Miligram
43%
Oprosti mojoj mladosti 2006 Nikola Rokvić
43%
Zbogom ljubavi 2001 Vlado Georgiev
43%
Ima nešto u tome što me nećeš 2005 Željko Joksimović
43%
Nikome ni reč 2007 Dženan Lončarević
40%
Prevara 2002 Aco Pejović
33%
Ona, ona 2004 Darko Filipović
33%
Jedina si vredela 2006 Saša Kovačević
33%
Bol do ludila 2004 Marija Šerifović
29%
Okeani 2008 Jelena Tomašević
26%
Posle duge veze 2006 Željko Samardžić
26%
Nisi moj 2006 Aleksandra Radović
21%
Nju ne zaboravljam 2003 Amadeus Band
17%
Kolo (Ludo luda) 2006 Van Gogh
17%
Pile moje 2009 Emina Jahović
14%
Iznad proseka 2008 Dušan Svilar
7%
Ostavi me 2005 Bane Mojićević
5%
No matching quizzes found
Score Distribution
Percent of People with Each Score
Percentile by Number Answered
Your Score History
You have not taken this quiz